[Event "Salerno op"]
[Site "Salerno "]
[Date "2012.01.29"]
[Round "5"]
[White "Capozzi, Virgilio"]
[Black "Occhipinti, Giuseppe"]
[Result "1-0"]
[WhiteElo "1976"]
[BlackElo "1971"]
[PlyCount "75"]
[EventDate "2012.01.27"]
[EventType "swiss"]
[EventRounds "6"]
[EventCountry "ITA"]
[SourceTitle "EXT 2014"]
[Source "ChessBase"]
[SourceDate "2013.11.20"]
[SourceVersion "1"]
[SourceVersionDate "2013.11.20"]
[SourceQuality "1"]

1. Nf3 d5 2. d4 Bf5 3. c4 e6 4. Nc3 Nc6 5. a3 Nf6 6. Bg5 Be7 7. e3 0-0 8. Bxf6 Bxf6 9. cxd5 exd5 10. Be2 Ne7 11. 0-0 c6 12. b4 Rc8 13. Qb3 Be6 14. Qa4 Qc7 15. Rac1 Nf5 16. h3 a6 17. Qb3 Qd7 18. Na4 Bd8 19. Nc5 Qe7 20. a4 Nh4 21. Nxh4 Qxh4 22. Nxe6 fxe6 23. b5 axb5 24. axb5 Bc7 25. bxc6 Rxf2 26. Rxf2 Qg3 27. Rf3 Qh2+ 28. Kf1 Rf8 29. Rxf8+ Kxf8 30. Bf3 bxc6 31. Rxc6 Bg3 32. Ke2 Qg1 33. Rxe6 Qe1+ 34. Kd3 Qf1+ 35. Kc2 Qf2+ 36. Kb1 Qe1+ 37. Ka2 Qd2+ 38. Qb2 1-0

[Event "Salerno op"]
[Site "Salerno "]
[Date "2012.01.28"]
[Round "3"]
[White "Capozzi, Virgilio"]
[Black "Paolillo, Gaia"]
[Result "1-0"]
[WhiteElo "1976"]
[BlackElo "1838"]
[PlyCount "93"]
[EventDate "2012.01.27"]
[EventType "swiss"]
[EventRounds "6"]
[EventCountry "ITA"]
[SourceTitle "EXT 2014"]
[Source "ChessBase"]
[SourceDate "2013.11.20"]
[SourceVersion "1"]
[SourceVersionDate "2013.11.20"]
[SourceQuality "1"]

1. Nf3 Nf6 2. c4 e6 3. Nc3 d5 4. d4 c6 5. Bg5 Nbd7 6. e3 Bd6 7. Bd3 dxc4 8. Bxc4 Qb6 9. Qc2 0-0 10. 0-0 Qc7 11. Rac1 e5 12. h3 h6 13. Bxh6 gxh6 14. Qg6+ Kh8 15. Qxh6+ Kg8 16. Ng5 Qd8 17. Nxf7 Rxf7 18. Qg6+ Kh8 19. Bxf7 Qf8 20. Rfd1 Qg7 21. dxe5 Bxe5 22. f4 Bc7 23. Qxg7+ Kxg7 24. Bb3 Bb6 25. Kf2 Nc5 26. Bc2 Be6 27. Kf3 Re8 28. g4 Nd5 29. e4 Nxc3 30. bxc3 Bxa2 31. h4 Bc7 32. Ra1 Bc4 33. Rxa7 Ba6 34. e5 Rf8 35. Bf5 Bb6 36. Rxa6 bxa6 37. Rd6 a5 38. Rxc6 a4 39. h5 a3 40. h6+ Kh8 41. Bb1 Ba7 42. g5 Nb3 43. g6 Ra8 44. g7+ Kg8 45. Ba2 Rb8 46. Bxb3+ Rxb3 47. Rc8+ 1-0

[Event "Salerno op"]
[Site "Salerno "]
[Date "2012.01.27"]
[Round "1"]
[White "Capozzi, Virgilio"]
[Black "Lamberti, Valerio"]
[Result "1-0"]
[WhiteElo "1976"]
[BlackElo "1750"]
[PlyCount "21"]
[EventDate "2012.01.27"]
[EventType "swiss"]
[EventRounds "6"]
[EventCountry "ITA"]
[SourceTitle "EXT 2014"]
[Source "ChessBase"]
[SourceDate "2013.11.20"]
[SourceVersion "1"]
[SourceVersionDate "2013.11.20"]
[SourceQuality "1"]

1. Nf3 d5 2. d4 Nf6 3. c4 dxc4 4. e3 e6 5. Bxc4 c5 6. 0-0 Nc6 7. Qe2 cxd4 8. Rd1 Bc5 9. exd4 Nxd4 10. Nxd4 Bxd4 11. Be3 1-0

[Event "Campobasso op 18th"]
[Site "Campobasso "]
[Date "2011.07.22"]
[Round "2"]
[White "Bottega, Antonio"]
[Black "Capozzi, Virgilio"]
[Result "1/2-1/2"]
[WhiteElo "1959"]
[BlackElo "2029"]
[PlyCount "81"]
[EventDate "2011.08.06"]
[EventType "swiss"]
[EventRounds "6"]
[EventCountry "ITA"]
[SourceTitle "EXT 2014"]
[Source "ChessBase"]
[SourceDate "2013.11.20"]
[SourceVersion "1"]
[SourceVersionDate "2013.11.20"]
[SourceQuality "1"]

1. e4 d5 2. exd5 Qxd5 3. Nc3 Qd6 4. Bc4 Nf6 5. h3 a6 6. Nf3 b5 7. Bb3 Bb7 8. d3 e6 9. 0-0 Be7 10. Bg5 Nbd7 11. a3 0-0 12. Qe2 c5 13. Rad1 Rfe8 14. Ne4 Qc7 15. Bxf6 Nxf6 16. Neg5 Bd5 17. Bxd5 Nxd5 18. Rfe1 Bf6 19. c3 g6 20. Ne4 Bg7 21. g3 e5 22. c4 Nf6 23. Nxf6+ Bxf6 24. cxb5 axb5 25. Rc1 Rac8 26. Rc2 Re6 27. Nd2 Be7 28. Ne4 Qb6 29. Qe3 c4 30. dxc4 Rxc4 31. Rxc4 bxc4 32. Qxb6 Rxb6 33. Re2 Rc6 34. Rc2 f5 35. Nc3 Kf7 36. Kf1 Ke6 37. Ke2 Bc5 38. Nd1 Kd5 39. Nc3+ Kd6 40. Nd1 Kd5 41. Nc3+ 1/2-1/2